| 000 | 00651cam a2200217 a 4500 | ||
|---|---|---|---|
| 001 | 000008043 | ||
| 005 | 20200929154416.0 | ||
| 008 | 940808s1993 sp 001 1 spa | ||
| 020 | _a8472236587 | ||
| 040 |
_aDO-SdBNP _cDLC |
||
| 082 |
_a863.62 _bE29c |
||
| 100 | 1 |
_aEgido, Luciano G. _q(Luciano Gonzalez) _921951 |
|
| 245 | 1 | 3 |
_aEl Cuarzo rojo de Salamanca / _cLuciano G. Egido. |
| 260 |
_aBarcelona : _bTusquets, _c1993. |
||
| 300 |
_a321 p. ; _c23 cm. |
||
| 490 | 1 |
_aAndanzas _vno. 184 |
|
| 650 | 4 |
_aNovela española _91123 |
|
| 650 | 4 |
_aLiteratura española _9632 |
|
| 830 | 0 |
_aAndanzas ; _vno. 184 _918113 |
|
| 910 | _aCatalogación por copia / LC | ||
| 999 |
_c7820 _d7820 |
||